000 01426cam a22003854a 4500
001 113671
005 20230410124134.0
008 000204r20001987caua b 001 0 eng
035 _a11903300
925 0 _aacquire
_b2 shelf copies
_xpolicy default
942 _2lcc
_cbk
010 _a 00022384
020 _a0742502791 (pbk. : alk paper)
040 _aDLC
_cDLC
_dDLC
041 _aeng
042 _apcc
043 _an-us---
050 1 4 _aNA 6212
_bL857b 2000
082 0 0 _a725/.2/0973
100 1 _aLongstreth, Richard W.
245 1 4 _aThe buildings of Main Street :
_ba guide to American commercial architecture /
_cRichard Longstreth.
250 _aUpdated ed.
260 _aWalnut Creek, CA :
_bAltaMira Press,
_cc2000.
300 _a154 p. :
_bill. ;
_c26 x 11 cm.
440 0 _aAmerican Association for State and Local History book series
500 _aOriginally published: Washington, D.C. : Preservation Press, 1987.
504 _aIncludes bibliographical references (p. 135-145) and index.
650 0 _aCommercial buildings
_zUnited States.
650 0 _aArchitecture
_zUnited States
_xHistory
_y19th century.
650 0 _aArchitecture
_zUnited States
_xHistory
_y20th century.
650 4 _aEdificios comerciales.
650 4 _aEdificios comerciales
_zEstados Unidos.
650 4 _aEdificios comerciales
_xArquitectura
_zEstados Unidos.
650 4 _aArquitectura
_xHistoria
_zEstados Unidos.
999 _c71749
_d71749